| 000 | 00827nam a2200229Ia 4500 | ||
|---|---|---|---|
| 003 | GCL | ||
| 008 | 140319s9999 xx 000 0 ara d | ||
| 040 |
_aGCL / _cGCL |
||
| 082 | 0 | 4 |
_a362.7 _bل ح |
| 100 | 1 | _aلجنة متخصصة ( معد ) | |
| 245 | 1 | 0 |
_aحاجات ومشكلات الطفل العربى فى القرية والمدينة / _cلجنة متخصصة ( معد ) |
| 260 |
_aالقاهرة : _bالمكتبة المصرية ، _c2004 |
||
| 300 |
_a196 ص ؛ _c24 سم |
||
| 650 | 0 | 4 | _aالاطفال |
| 650 | 0 | 4 | _aتعليم الاطفال |
| 650 | 0 | 4 | _aالشئون الاجتماعية |
| 650 | 0 | 4 | _aالاطفال - رعاية |
| 650 | 0 | 4 | _aالمشاكل الاجتماعية |
| 650 | 0 | 4 | _aالاطفال - حقوق مدنية |
| 650 | 0 | 4 | _aالاطفال - عناية صحية |
| 942 |
_2ddc _cBK |
||
| 999 |
_c6157 _d6157 |
||